Comparison of selected countries by one of the multivariate methods

Použitie multivariačných metód na porovnanie národnej úrovne vybraných krajín (Slovensko, Česko, Maďarsko, Poľsko). Štátne indikátory - môžu byť najvyššie a najnižšie. Bodová metóda - prideľovanie počtu bodov krajine podľa dosiahnutých hodnôt.

Salvato in:
Dettagli Bibliografici
Autore principale: Hurbánková, Ľubica, 1980-
Altri autori: Sivašová, Daniela, 1955-
Natura: Capitolo di libro
Lingua:inglese
Soggetti:
Tags: Aggiungi Tag
Nessun Tag, puoi essere il primo ad aggiungerne!!

MARC

LEADER 00000naa$a2200000$$$4500
001 0057699
005 20240502071641.8
041 0 |a eng 
044 |a SK 
245 1 0 |a Comparison of selected countries by one of the multivariate methods  |c Ľubica Hurbánková, Daniela Sivašová 
520 |a Použitie multivariačných metód na porovnanie národnej úrovne vybraných krajín (Slovensko, Česko, Maďarsko, Poľsko). Štátne indikátory - môžu byť najvyššie a najnižšie. Bodová metóda - prideľovanie počtu bodov krajine podľa dosiahnutých hodnôt. 
610 2 0 |a porovnanie medzinárodné 
610 2 0 |a porovnanie štatistické medzinárodné 
610 2 0 |a metódy matematicko-štatistické 
610 2 0 |a Slovensko 
610 2 0 |a Česko 
610 2 0 |a Maďarsko 
610 2 0 |a Poľsko 
100 1 |a Hurbánková, Ľubica, 1980- 
700 1 |a Sivašová, Daniela, 1955-